Súkromní vyháňači korupcie
Korupcia ako nežiadúci spoločenský jav. Index vnímania korupcie na Slovensku. Boj štátu s korupciou zlyháva. Ku kritikom z médií a mimovládnych organizácií sa pridávajú odvážnejší podnikatelia.
Uložené v:
| Hlavný autor: | |
|---|---|
| Médium: | Kapitola |
| Jazyk: | Slovak |
| Predmet: | |
| Tagy: |
Žiadne tagy, Buďte prvý, kto otaguje tento záznam!
|
MARC
| LEADER | 00000naa a2200000 4500 | ||
|---|---|---|---|
| 001 | 0158268 | ||
| 005 | 20231113080236.3 | ||
| 041 | 0 | |a slo | |
| 044 | |a SK | ||
| 245 | 1 | 0 | |a Súkromní vyháňači korupcie |c Ivan Haluza |
| 520 | |a Korupcia ako nežiadúci spoločenský jav. Index vnímania korupcie na Slovensku. Boj štátu s korupciou zlyháva. Ku kritikom z médií a mimovládnych organizácií sa pridávajú odvážnejší podnikatelia. | ||
| 610 | 2 | 0 | |a korupcia |
| 610 | 2 | 0 | |a Slovensko |
| 100 | 1 | |a Haluza, Ivan | |